|
|
|
|
| LEADER |
00000nab a2200000 a 4500 |
| 001 |
vtls000557588 |
| 003 |
SK-MaSNL |
| 005 |
20260426080325.0 |
| 008 |
250425c1995 xo 0 slo |
| 015 |
|
|
|a SNBRB19rr/mm-uuuuu
|
| 035 |
|
|
|a CL0557726
|
| 035 |
|
|
|a (urnnbn)urn:nbn:sk:snk:ar-0029wi
|
| 035 |
|
|
|a (uuid)80770af7-23a1-4fe3-9284-2eba846e741f
|
| 035 |
|
|
|a urn:nbn:sk:snk-ab7r8m
|
| 040 |
|
|
|a SNKBUCL
|b slo
|c SNKBUCL
|e AACR2
|
| 041 |
0 |
|
|a slo
|
| 044 |
|
|
|a xo
|c SK
|
| 080 |
|
|
|a 904(437.6):623.441(437.6)(091)"00/03":902
|2 1981
|
| 080 |
|
|
|a 623.441(437.6)(091)"00/03"
|2 1981
|
| 080 |
|
|
|a 902
|2 1981
|
| 100 |
1 |
|
|a Turčan, Vladimír,
|d 1952-
|4 aut
|9 13496
|
| 245 |
1 |
0 |
|a Militárie z doby rímskej na Slovensku
|c Vladimír Turčan
|
| 300 |
|
|
|b Obr. 7
|
| 650 |
0 |
7 |
|a militárie
|2 snkbucl
|9 1063413
|
| 650 |
0 |
7 |
|a doba rímska
|2 snkbucl
|9 85771
|
| 651 |
|
7 |
|a Slovensko
|2 snkbucl
|9 14231
|
| 655 |
|
7 |
|a články z novín a časopisov
|2 snkbucl
|9 267496
|
| 773 |
0 |
|
|t Pamiatky a múzeá
|g Č. 3 (1995), s. 12-15
|
| 850 |
|
|
|a Slovenská národná knižnica
|
| 852 |
|
|
|a Slovenská národná knižnica
|
| 954 |
|
|
|a odborná, vedecká literatúra pôvodná (slovenská)
|2 lita
|
| 958 |
|
|
|a article9
|
| 958 |
|
|
|a RK
|
| 958 |
|
|
|a SK
|
| 958 |
|
|
|a OND
|
| 958 |
|
|
|a EUIPO
|
| 992 |
|
|
|a RBX
|
| 999 |
|
|
|c 2804366
|d 2806296
|